000 00911nam a2200217Ia 4500
003 OSt
005 20241104140012.0
007 ca aa aaaaa
008 201103s9999 xx 000 0 und d
040 _cSSBUL
041 _abur
082 _223
_a၂၉၄.၃၄၄၃၅ ဇ
_b၁၃၀၉၂ S-SAT
100 0 _aဇနကာဘိဝံသ၊ အရှင်။
245 1 0 _aဗုဒ္ဓါနုဿတိဘာဝနာ /
_cအရှင်ဇနကာဘိဝံသ။
260 _aအမရပူရ ၊
_bဘားမားပိဋကတ်ပုံနှိပ်တိုက်၊
_c၁၉၇၅။
300 _aဃ၊ ၃၇၂ စာမျက်နှာ ၊
_c၂၁ စင်တီ။
500 _aS-SAT: Dr. Sai Aung Tun S-SL: U San Lwin Collection
650 _aတရားထိုင်ခြင်း
_949338
650 _aကမ္မဋ္ဌာန်း
942 _2ddc
_cBK1
999 _c41001
_d41001